| 000 | 00641nam a2200229 4500 | ||
|---|---|---|---|
| 001 | 115623 | ||
| 003 | ES-MaBCM | ||
| 005 | 20241016140932.0 | ||
| 008 | 051117s1966 esp spa d | ||
| 017 | _aM.5094-1966 | ||
| 021 | _axx | ||
| 035 | _a(OCoLC)431682598 | ||
| 035 | _a(OCoLC)431682598 | ||
| 040 | _cES-MaBCM | ||
| 041 | 0 | _aspa | |
| 100 | 1 |
_aBaquero, Arcadio _965121 |
|
| 245 | 1 | 0 |
_aDon Juan y su evolución dramática _b: el personaje teatral en seis comedias españolas _cArcadio Baquero |
| 260 |
_aMadrid : _bEditora Nacional, _c1966 |
||
| 300 |
_a2 v. _c25 cm |
||
| 650 | 2 | 7 |
_aLiteratura española _959289 |
| 942 | _cBK | ||
| 999 |
_c115623 _d115623 |
||